| 000 | 00351nam a22001457a 4500 | ||
|---|---|---|---|
| 003 | OSt | ||
| 005 | 20160727222340.0 | ||
| 008 | 160620b xxu||||| |||| 00| 0 eng d | ||
| 040 | _cTEST | ||
| 100 |
_977 _aSchurr, C |
||
| 245 |
_aThe Shy Little Kitten _bThe Shy Little Kitten |
||
| 260 |
_aWestern _c1973 |
||
| 300 | _aThe Shy Little Kitten | ||
| 942 |
_2ddc _cBK |
||
| 999 |
_c62 _d62 |
||